000 01185nam a2200337 a 4500
001 58746
003 BD-RjUL
005 20211209080643.0
008 161219s1985 coua b 001 0 eng
020 _a0813370337 (pbk.) :
_c$21.50
035 _a(BD-RjUL)58870
040 _aDLC
_cDLC
_dBD-RjUL
_beng
041 _aeng
082 0 0 _a333.3165
_223
_bPFA 1985
100 1 _aPfeifer, Karen.
_9174622
245 1 0 _aAgrarian reform under state capitalism in Algeria /
_cKaren Pfeifer.
260 _aBoulder :
_bWestview Press,
_c1985.
300 _axvii, 265 p. :
_bill. ;
_c23 cm.
500 _aIncludes index.
504 _aBibliography: p. 255-261.
650 0 _aLand reform
_zAlgeria.
_9174624
650 0 _aFarm tenancy
_zAlgeria.
_9174625
650 0 _aAgriculture and state
_zAlgeria.
_9174626
650 0 _aAgriculture
_xEconomic aspects
_zAlgeria.
_9174627
650 0 _aPeasants
_zAlgeria.
_9174628
650 0 _aAgricultural laborers
_zAlgeria.
_9174629
830 _aWestview special studies on the Middle East and North Africa
_9174623
942 _2ddc
_cBK
999 _c58746
_d58746